La Corte Penal Internacional: un estudio interdisciplinar
Guardat en:
| Autors principals: | , , |
|---|---|
| Format: | Llibre |
| Idioma: | espanyol |
| Publicat: |
Valencia
Tirant Lo Blanch
2003
|
| Matèries: | |
| Etiquetes: |
Afegir etiqueta
Sense etiquetes, Sigues el primer a etiquetar aquest registre!
|
MARC
| LEADER | 00000nam a2200000 a 4500 | ||
|---|---|---|---|
| 001 | UCG5278 | ||
| 003 | CL-VaPUC | ||
| 008 | 110120e20030000SP |||||||||||||||||spa|d | ||
| 020 | |a 848442930X | ||
| 082 | 0 | 4 | |a 341.77 |b GOM |2 21 |
| 100 | |a Gómez Colomer, Juan-Luis |e author |9 598977 | ||
| 700 | |a González Cussac, José Luis |e author |9 554928 | ||
| 700 | 0 | |a Cardona Lloréns, Jorge |e author |9 554929 | |
| 245 | 1 | 3 | |a La Corte Penal Internacional: un estudio interdisciplinar |
| 300 | |a 382 p | ||
| 942 | |c BK | ||
| 945 | |d 20110120 00:00:00 |a dcastane | ||
| 260 | |a Valencia |b Tirant Lo Blanch |c 2003 | ||
| 650 | 0 | |a Derecho internacional |9 255637 | |
| 650 | 0 | |a Derecho penal internacional |9 371889 | |
| 650 | 0 | |a Tribunales internacionales |9 256072 | |
| 650 | 0 | |a Ordenamiento jurídico |9 355371 | |
| 650 | 0 | |a Tratados internacionales |9 256056 | |
| 651 | 0 | |a España |9 254926 | |
| 583 | |a last modification |c 20110120 00:00:00 |k Rodrigo Vera | ||
| 999 | |c 343831 |d 343829 | ||
| 952 | |0 0 |1 0 |4 0 |6 341_770000000000000_GOM_2003 |7 0 |8 A |9 441459 |a BIBDER |b BIBDER |d 2019-11-22 |i 4746643 |o 341.77 GOM 2003 |p 4746643 |r 2023-01-25 |w 2019-11-22 |y BK |k DER | ||